旅客数の多い港ランキング - Statistics

General Stats
  • This quiz has been taken 425 times
  • The average score is 19 of 50
Answer Stats
順位 港湾名 都道府県 人員数計 % Correct
6 広島 広島県 1,298,390
97%
2 鹿児島 鹿児島県 3,542,503
92%
4 高松 香川県 1,460,540
90%
28 広島県 520,372
88%
48 那覇 沖縄県 336,472
86%
18 松山 愛媛県 662,494
74%
22 神戸 兵庫県 638,588
69%
43 尾道糸崎 広島県 391,498
67%
21 長崎 長崎県 639,040
63%
5 石垣 沖縄県 1,428,145
61%
15 仙台塩釜 宮城県 758,540
60%
17 新潟 新潟県 669,749
60%
32 大阪 大阪府 512,370
60%
19 博多 福岡県 651,026
56%
29 東京 東京都 514,334
56%
38 佐世保 長崎県 440,290
55%
20 姫路 兵庫県 648,665
54%
35 苫小牧 北海道 501,307
54%
39 熊本 熊本県 407,522
54%
8 鳥羽 三重県 977,944
51%
3 桜島 鹿児島県 2,098,809
47%
33 横須賀 神奈川県 505,208
45%
25 明石 兵庫県 573,276
41%
44 八幡浜 愛媛県 387,749
41%
9 土庄 香川県 948,670
38%
23 両津 新潟県 629,936
38%
40 福江 長崎県 401,351
36%
1 厳島 広島県 4,417,298
35%
12 北九州 福岡県 797,944
34%
24 竹原 広島県 590,996
31%
46 熱海 静岡県 349,069
27%
10 垂水 鹿児島県 933,819
23%
13 宇野 山口県 793,483
18%
36 浜金谷 千葉県 495,598
15%
49 佐賀関 大分県 331,625
15%
50 三崎 愛媛県 320,754
15%
37 竹富東 沖縄県 486,276
14%
47 家島 兵庫県 344,888
14%
26 岩屋 兵庫県 573,122
11%
41 瀬戸 長崎県 401,188
11%
16 師崎 愛知県 736,106
10%
31 長洲 熊本県 513,399
10%
14 土生 香川県 768,803
7%
30 多比良 長崎県 513,399
6%
7 小用 広島県 1,120,663
4%
11 宮浦 愛媛県 871,329
4%
45 中田 熊本県 353,325
2%
27 鮴崎 広島県 567,784
1%
34 立石 愛媛県 504,522
1%
42 仲間 沖縄県 393,228
1%
No matching quizzes found
Score Distribution
Percent of People with Each Score
Percentile by Number Answered
Your Score History
You have not taken this quiz